Tourism: Most visited places in most visited countries? - Statistics

General Stats
  • This quiz has been taken 76 times
  • The average score is 4 of 30
Answer Stats
Country Most visited site in there % Correct
France Eiffel Tower
95%
Italy Colosseum
66%
China The Great Wall
49%
Netherlands Amsterdam
31%
UAE Burj Khalifa
24%
USA Grand Canyon
19%
Canada Niagara Falls
19%
Russia St. Basil's Cathedral and Kremlin
19%
Germany Brandenburg Gate
14%
Greece Greek Islands (Santorini etc.)
14%
Spain Alhambra
8%
Indonesia Ubud
7%
Singapore Marina Bay Sands
5%
Macao The Ruins of St. Paul’s
5%
Czech Rep. Prague Castle, Old Town Square and Prague Zoo
3%
Turkey Cappadocia
2%
Austria Schönbrunn Palace
2%
Hong Kong The Peak
2%
Saudi Arabia Al Masjid al Nabawi mosque
0%
Ukraine Carpathian Mountains
0%
Japan Golden Pavilion
0%
South Korea Gyeongbokgung Palace
0%
UK Highlands (Scotland)
0%
Croatia Hvar Island
0%
Thailand Ko Phi Phi
0%
Hungary Lake Balaton
0%
Poland Main Market Square in Kraków
0%
India Meherangarh Fort
0%
Malaysia Mulu Caves
0%
Mexico Pyramids of Teotihuacán
0%
No matching quizzes found
Score Distribution
Percent of People with Each Score
Percentile by Number Answered
Your Score History
You have not taken this quiz